| 000 | 00792nam a2200205 a 4500 | ||
|---|---|---|---|
| 003 | 0 | ||
| 005 | 20250513143820.0 | ||
| 008 | 021107s19uu xx 00 eng d | ||
| 050 |
_aPGS HQ 784.T4 _b.F961 2002 |
||
| 100 | _aFujita, Yukisato L. | ||
| 245 |
_aTV habits and preferences of selected grade 5 & 6 students of Saint Francis Assisi College System / _cYukisato L. Fujita. |
||
| 260 |
_aLas PiƱas City, Philippines : _bSouthville International School and Colleges, _c2002. |
||
| 300 |
_a43 pages : _billustrations ; _c28 cm. |
||
| 504 | _aIncludes bibliographical references. | ||
| 650 | _aTelevision and children. | ||
| 650 |
_aTelevision _vViewers _vPsychology. |
||
| 650 |
_aTelevision programs _vAudience preferences. |
||
| 650 |
_aChildren _vConduct of life. |
||
| 942 |
_2lcc _cPASS |
||
| 999 |
_c96581 _d96581 |
||